Najpopularniejsi raperzy w tym tygodniu . 21-27.05 - Statystyki

Ogólne statystyki
  • Ten quiz został rozwiązany 218 razy
  • Średni wynik to 8 z 15
Statystyki odpowiedzi
Miejsce w poprzednim tygodniu Wyświetlenia Utwór % Poprawnych
#8 3.73M Mata
90%
#7 3.57M Bedoes
85%
#5 4.72M White 2115
80%
#6 3.74M Kizo
67%
#14 3.02M Żabson
63%
#3 8.51M Oki
57%
#2 9.80M Young Igi
56%
#1 12.70M Sobel
51%
#18 3.05M ReTo
45%
#13 4.52M Szpaku
44%
#4 8.39M Otsochodzi
35%
#10 2.99M Tymek
34%
#12 3.00M Guzior
28%
#29 3.75M Chivas
20%
#16 3.29M Avi
6%
Nie znaleziono quizów pasujących do podanych kryteriów
Rozkład punktacji
Procent ludzi z każdym wynikiem
Percentyl według liczby udzielonych odpowiedzi
Twoja historia wyników
Nie rozwiązałeś tego quizu